00931cam a22003494i 4500003000900000005001700009008004100026020001500067035002700082040003300109082002100142100002700163245005100190264005600241300003800297336002100335337002500356338002300381505004000404526001000444526001000454526001000464526001000474526000800484526000800492526000800500526000800508526000800516526000800524526000800532650004100540PE-LiUPU20250731173502.0150616s1966 pau r 000 0 eng d a0800618556 a(Sirsi) i9780800618551 aPE-LiUPUbspacPE-LiUPUerda04a234.1bA467t2211 aAlthaus, Paul,eautor.14aThe Theology of Martin Luther /cPaul Althaus. 1aPhiladelphia :bFortress Press Philadelphia,c1966. a464 páginas ;c22 centímetros atext2rdacontent aunmediated2rdamedia avolume2rdacarrier0 aThe knowledge of God -- God's work. aSEG42 aSEG41 aSEG40 aSEG39 aP94 aP87 aP86 aP85 aP77 aP76 aP3504aLutero, Martin, 1483-1546 - Estudio.